| 000 | 00763nam a2200253 a 4500 | ||
|---|---|---|---|
| 001 | 16873 | ||
| 003 | BD-RjUL | ||
| 005 | 20211209000048.0 | ||
| 008 | 140215s1968 nyu 001 0 eng d | ||
| 035 | _a(BD-RjUL)16928 | ||
| 040 |
_aANL _beng _cANL _dBD-RjUL |
||
| 041 | _aeng | ||
| 082 | 0 | 4 |
_a674 _bKOP 1968 |
| 100 | 1 |
_aKollmann, Franz F. P. _952092 |
|
| 245 | 1 | 0 |
_aPrinciples of wood science and technology / _cFranz F. P. Kollmann and Wilfred A. Cote, Jr. _nI : _pSolid wood |
| 260 |
_aNew York : _bSpringer, _cc1968. |
||
| 300 |
_axii, 592 p. : _billus. ; _c25 cm. |
||
| 504 | _aIncludes bibliographies and index. | ||
| 505 | 0 | _av. 1. Solid wood. | |
| 650 | 0 |
_aWood. _952093 |
|
| 700 | 1 |
_aCote, Wilfred A. _952094 |
|
| 942 |
_2ddc _cBK |
||
| 999 |
_c16873 _d16873 |
||